000 00310 a2200121 4500
000 nam a22 7a 4500
005 20260206104950.0
020 _a9789348409-997
100 _aRangeya Raghav
_91114085
245 _aPrachin Bhartiya Parampara Aur Itihas
260 _bAnanya Prakashan
_c2025
942 _cTEXL
999 _c1678762
_d1678762